| 000 | 02395nam a2200277Ia 4500 | ||
|---|---|---|---|
| 999 |
_c37743 _d37743 |
||
| 001 | 3719 | ||
| 003 | GE_BSU | ||
| 005 | 20190627212638.0 | ||
| 008 | 181216s2010||||ge |||||||||||||| ||g || | ||
| 020 | _a9789941149023 | ||
| 040 | _cGE_BSU | ||
| 041 | _ageo | ||
| 080 | _a629.78+623+355 პ–38 | ||
| 245 |
_aპირველი ქართული კოსმოსური ობიექტი და მისი გენერალური კონსტრუქტორი : _bსაქართველოს მეცნიერებათა ეროვნული აკადემიის წევრ-კორესპონდენტის, სამხედრო მეცნიერებათა დოქტორის, ტექნიკის მეცნიერებათა დოქტორის, პროფესორის, გენერალ-მაიორ ელგუჯა მეძმარიაშვილის სამეცნიერო და აკადემიური მოღვაწეობა კოსმოსური მექანიკის, სამხედრო-ტექნიკური მეცნიერებების და სამხედრო-საინჟინრო მეცნიერებების დარგებში : მომზადებულია 2010 წლის 25 სექტემბრის მონაცემებით / _cსტუ ; სარედ. ჯგ.: ნოდარ წიგნაძე და სხვ. |
||
| 264 |
_aთბილისი : _bსტუ ; _c2010. |
||
| 300 |
_a471 გვ. _b21 სმ. |
||
| 600 |
_aმეძმარიაშვილი ელგუჯა _93032 |
||
| 653 | _aრეფლექტორული ანტენები | ||
| 653 | _aქართველი კონსტრუქტორები | ||
| 700 |
_aწიგნაძე, ნოდარ _eრედაქტორი _93033 |
||
| 700 |
_aბედუკაძე, გურამ _eრედაქტორი _93034 |
||
| 700 |
_aგოგილაშვილი, ვახტანგ _eრედაქტორი _93035 |
||
| 700 |
_aჩხიკვაძე, კონსტანტინე და სხვ. _eრედაქტორი _93036 |
||
| 710 |
_a სტუ _93037 |
||
| 942 |
_cBK _2udc |
||